000 00628cam a22002291 4500
001 44685
090 _a44685
100 _a19950726d1966 m y0pory5003 ba
101 1 _apor
102 _aPT
200 1 _aChama-se o Dr. Kildare!
_fMax Brand
_gtrad. de Maria Adelaide Correia
205 _a1.ÂȘ ed.
210 9 _aAmadora
_cEditorial Ibis,
_d1966
215 _a184, 1 p.
_d18 cm
225 2 _aConfidĂȘncias
_v17
304 _aTit. orig.: Calling Dr. Kildare
532 1 2 _aChama-se o Doutor Kildare
675 _a821.111(73)-31
700 1 _aBrand,
_bMax,
702 1 _aCorreia,
_bMaria Adelaide
_4730
801 0 _aPT
_bBN
_gRPC
990 _cLIVROS